000 00343nam a2200169Ia 4500
100 _aSalinger/J.D
650 _aFiciton
942 _cBK
366 _f20
654 _anovel
245 _aThe catcher in the Rye: A novel
260 _bBack bay books
_c1951
082 _a808.83/SAL
300 _a214
546 _aENGLISH
999 _c35266
_d35266